The Computer Knowledge Book (Record no. 11370)
[ view plain ]
| 000 -LEADER | |
|---|---|
| fixed length control field | 00472nam a22001577a 4500 |
| 005 - DATE AND TIME OF LATEST TRANSACTION | |
| control field | 20260227010352.0 |
| 008 - FIXED-LENGTH DATA ELEMENTS--GENERAL INFORMATION | |
| fixed length control field | 260227b |||||||| |||| 00| 0 eng d |
| 020 ## - INTERNATIONAL STANDARD BOOK NUMBER | |
| International Standard Book Number | 9719155280 |
| 040 ## - CATALOGING SOURCE | |
| Transcribing agency | jhcsc |
| 082 ## - DEWEY DECIMAL CLASSIFICATION NUMBER | |
| Edition number | 1 |
| Classification number | 005 |
| 100 ## - MAIN ENTRY--PERSONAL NAME | |
| 9 (RLIN) | 10186 |
| Personal name | Tokunbo "Michael" Osilaja |
| Relator term | Author |
| 245 ## - TITLE STATEMENT | |
| Title | The Computer Knowledge Book |
| Remainder of title | Microsoft Powerpoint |
| Statement of responsibility, etc. | Tokunbo "Michael" Osilaja |
| 260 ## - PUBLICATION, DISTRIBUTION, ETC. | |
| Place of publication, distribution, etc. | Philippines |
| Name of publisher, distributor, etc. | K.Y.A Corporation |
| Date of publication, distribution, etc. | c2004 |
| 300 ## - PHYSICAL DESCRIPTION | |
| Extent | viii,148 p |
| Other physical details | ill. |
| 942 ## - ADDED ENTRY ELEMENTS (KOHA) | |
| Source of classification or shelving scheme | Dewey Decimal Classification |
| Koha item type | Book |
| Withdrawn status | Lost status | Source of classification or shelving scheme | Damaged status | Not for loan | Collection code | Home library | Current library | Shelving location | Date acquired | Total Checkouts | Full call number | Barcode | Date last seen | Price effective from | Koha item type |
|---|---|---|---|---|---|---|---|---|---|---|---|---|---|---|---|
| Dewey Decimal Classification | Information Technology | JHCSC - Canuto MS Enero Campus Library | JHCSC - Canuto MS Enero Campus Library | Circulation | 11/11/2013 | 005 0s82 2004 | 2013-989 c | 02/27/2026 | 02/27/2026 | Book |